01112naa#a2200205#i#4500001001600000005001700016011001400033100004100047101000800088102000700096200025600103210011400359215001000473608004500483675021300528700005200741700005200793700004700845856001400892RU\\bibl\10372120260703114415.5##a2782-490X##a20251121b2025####ek#y0rusy0150####ca0#aRUS##aRU1#aОЦЕНКА ВЛИЯНИЯ НЕКОРНЕВОГО ВНЕСЕНИЯ КОМПЛЕКСНЫХ УДОБРЕНИЙ НА ФОРМИРОВАНИЕ УРОЖАЯ РАЗЛИЧНЫХ СОРТОВ ЯРОВОЙ ТРИТИКАЛЕeЖурнальная статья1#aКазаньcКазанский государственный аграрный университетd2025##a6 с.##aЖурнальная статья2local##aМинеральные удобрения в целом. Искусственные удобрения в целом. 631.82aПрочие виды хлебных злаков и зерновых. 633.19zRUS#1aЕгороваgОльга Алексеевна#1aЕгоровgЛеонид Михайлович#1aСафинgРадик Ильясович4#azh-szf.ru